Hlavné kroky pri budovaní systému environmentálneho manažérstva
Popis nástrojov a metód budovania systému enviromentálneho manažérstva, ako aj výhod z budovania systému enviromentálneho manažérstva, ktoré prinášajú nielen enviromentálne, ale aj ekonomické výhody pre organizácie, ktoré ich zaviedli a pre celú našu spoločnosť.
Saved in:
| Main Author: | |
|---|---|
| Other Authors: | , |
| Format: | Book Chapter |
| Language: | Slovak |
| Subjects: | |
| Tags: |
No Tags, Be the first to tag this record!
|
MARC
| LEADER | 00000naa a2200000 4500 | ||
|---|---|---|---|
| 001 | 0300137 | ||
| 005 | 20241002095659.9 | ||
| 041 | 0 | |a slo | |
| 044 | |a SK | ||
| 245 | 1 | 0 | |a Hlavné kroky pri budovaní systému environmentálneho manažérstva |c Michal Stričík, Barbora Gontkovičová, Mikuláš Čollák |
| 520 | |a Popis nástrojov a metód budovania systému enviromentálneho manažérstva, ako aj výhod z budovania systému enviromentálneho manažérstva, ktoré prinášajú nielen enviromentálne, ale aj ekonomické výhody pre organizácie, ktoré ich zaviedli a pre celú našu spoločnosť. | ||
| 610 | 2 | 0 | |a manažment |
| 610 | 2 | 0 | |a manažment environmentálny |
| 610 | 2 | 0 | |a prostredie životné |
| 610 | 2 | 0 | |a systém |
| 610 | 2 | 0 | |a systémy environmentálne manažérske |
| 610 | 2 | 0 | |a výhody komparatívne |
| 610 | 2 | 0 | |a organizácie |
| 610 | 2 | 0 | |a spoločnosť |
| 100 | 1 | |a Stričík, Michal, 1969- | |
| 700 | 1 | |a Gontkovičová, Barbora, 1986- | |
| 700 | 1 | |a Čollák, Mikuláš | |